Victimización vs alternativa, el aporte liberador de Franz J. Hinkelammert: un acercamiento prelimirar /

Uloženo v:
Podrobná bibliografie
Hlavní autor: Azofeifa Sánchez, Yohny
Médium: Text
Témata:
Tagy: Přidat tag
Žádné tagy, Buďte první, kdo vytvoří štítek k tomuto záznamu!

MARC

LEADER 00000 a a2200000 04500
001 8339
003
040
100 |a Azofeifa Sánchez, Yohny  
245 |a Victimización vs alternativa, el aporte liberador de Franz J. Hinkelammert:   |b un acercamiento prelimirar /  |c Yohny Azofeifa Sánchez  
650 |a TEOLOGIA DE LA LIBERACION  
773 |g número 1; sin paginar  
999 |c 36948  |d 36948